Interaktívny dashboard v prostredí MS Excel bakalárska práca

Salvato in:
Dettagli Bibliografici
Autore principale: Lorencovič, Tomáš
Ente Autore: Fakulta hospodárskej informatiky EU. Katedra matematiky a aktuárstva
Altri autori: Mucha, Vladimír, 1976-
Natura: Libro
Lingua:slovacco
Pubblicazione: Bratislava 2015
Tags: Aggiungi Tag
Nessun Tag, puoi essere il primo ad aggiungerne!!

MARC

LEADER 00000nbm a2200000 4500
001 0204193
005 20161212115149.0
041 0 |a slo 
044 |a SK 
245 1 0 |a Interaktívny dashboard v prostredí MS Excel  |b bakalárska práca  |c Tomáš Lorencovič ; školiteľ: Vladimír Mucha 
264 1 |a Bratislava  |c 2015 
300 |a 53 s. 
100 1 |a Lorencovič, Tomáš 
700 1 |a Mucha, Vladimír, 1976- 
710 2 |a Fakulta hospodárskej informatiky EU. Katedra matematiky a aktuárstva